Port / (Record no. 8389)

MARC details
000 -LEADER
fixed length control field 00777nam a22002777a 4500
001 - CONTROL NUMBER
control field 8389
003 - CONTROL NUMBER IDENTIFIER
control field FISKH
005 - DATE AND TIME OF LATEST TRANSACTION
control field 20250910123016.0
008 - FIXED-LENGTH DATA ELEMENTS--GENERAL INFORMATION
fixed length control field 250910b cb ||||| |||| 00| 0 eng d
020 ## - INTERNATIONAL STANDARD BOOK NUMBER
International Standard Book Number 0864150091
040 ## - CATALOGING SOURCE
Original cataloging agency FISKH
Language of cataloging eng
Transcribing agency FISKH
Modifying agency FISKH
050 ## - LIBRARY OF CONGRESS CALL NUMBER
Classification number HE551.P46
082 ## - DEWEY DECIMAL CLASSIFICATION NUMBER
Classification number 387.1
100 ## - MAIN ENTRY--PERSONAL NAME
Personal name Pepper, Susan
245 ## - TITLE STATEMENT
Title Port /
Statement of responsibility, etc. Text: Susan Pepper : Photograph : Chris Fairclough
260 ## - PUBLICATION, DISTRIBUTION, ETC.
Place of publication, distribution, etc. Sydney :
Name of publisher, distributor, etc. Franklin Watts ,
Date of publication, distribution, etc. 1984.
300 ## - PHYSICAL DESCRIPTION
Extent 30 pages :
Other physical details color illustrations ;
Dimensions 22 cm .
490 ## - SERIES STATEMENT
Series statement Behind the Scenes
505 ## - FORMATTED CONTENTS NOTE
Formatted contents note K <br/>
521 8# - TARGET AUDIENCE NOTE
Target audience note 510 <br/>
Source Lexile estimate <br/>
521 8# - TARGET AUDIENCE NOTE
Target audience note K <br/>
Source Raz-Plus <br/>
650 ## - SUBJECT ADDED ENTRY--TOPICAL TERM
Topical term or geographic name entry element Homeschool
Form subdivision Picture Book
700 ## - ADDED ENTRY--PERSONAL NAME
Personal name Fairclough, Chris
Relator term Photographer
942 ## - ADDED ENTRY ELEMENTS (KOHA)
Source of classification or shelving scheme Dewey Decimal Classification
Koha item type Books
Suppress in OPAC No
Holdings
Withdrawn status Lost status Source of classification or shelving scheme Damaged status Not for loan Home library Current library Shelving location Date acquired Total Checkouts Full call number Barcode Date last seen Price effective from Koha item type
    Dewey Decimal Classification     Footprints International School Library Network Toul Tom Poung Campus Footprints International School Library Network Toul Tom Poung Campus TTP Primary Yellow Bookshelves 09/10/2025   PEP 387.1 HE551.P46 FIS01375 09/10/2025 09/10/2025 Books